000 00673nam a2200181Ia 4500
008 100921s9999 xx 000 0 und d
082 _b14317
_a301 0
100 _aनारायण जयप्रकाश अनु.गोरे नारायण गणेश.
245 _aसमाजवादच का.
260 _bसुलभ राष्ट्रीय ग्रंथमाला,पुणे.
_c0
300 _a127
_b---
365 _b0.62
520 _aसमाजशास्त्र.
630 _aसमाजवादच का.
650 _aसमाजशास्त्र.
730 _aसमाजवादच का.
942 _cBOOK
999 _c763430
_d763427